|
|
|
|
| LEADER |
00984nam a2200241 a 4500 |
| 001 |
2572768 |
| 008 |
090804s1994 paua b 000 0 eng d |
| 010 |
|
|
|a 95212411
|
| 020 |
|
|
|a 093949308X
|
| 040 |
|
|
|a ICU
|c ICU
|d DLC
|
| 082 |
0 |
0 |
|a 720/.483
|2 20
|
| 100 |
1 |
|
|a Lim, Bill B. P.,
|d 1936-
|
| 245 |
1 |
0 |
|a Environmental design criteria of tall buildings /
|c Bill B-P Lim.
|
| 260 |
|
|
|a Bethlehem, PA :
|b Lehigh University,
|c c1994.
|
| 300 |
|
|
|a ii, 249 p. :
|b ill. ;
|c 23 cm.
|
| 500 |
|
|
|a "Fazlur Rahman Khan Chair."
|
| 504 |
|
|
|a Includes bibliographical references.
|
| 541 |
1 |
|
|e 00009084
|
| 650 |
|
0 |
|a Tall buildings
|x Design and construction.
|
| 650 |
|
0 |
|a Tall buildings
|x Environmental engineering.
|
| 852 |
4 |
|
|a Ayesha Abed Library
|j General Shelf.
|
| 999 |
|
|
|c 3323
|d 3323
|
| 952 |
|
|
|0 0
|1 0
|2 ddc
|4 0
|6 720_483000000000000_LIM_1994
|7 0
|9 3014
|a BRACUL
|b BRACUL
|c GEN
|d 2009-08-31
|g 0.00
|l 4
|m 11
|o 720.483 LIM
|p 3010009084
|r 2025-10-11
|s 2025-07-14
|t 1
|w 2009-08-31
|y BK
|x No price found in the accession register.
|